City to Country #1 - Statistics

General Stats
  • This quiz has been taken 32 times
  • The average score is 13 of 14
Answer Stats
City Answer % Correct
Sao Paulo Brazil
100%
Ottawa Canada
100%
Havana Cuba
100%
Cairo Egypt
100%
Vladivostok Russia
100%
Bern Switzerland
100%
Los Angeles United States of America
100%
Tirana Albania
97%
Bremen Germany
97%
Lagos Nigeria
93%
Guadalajara Mexico
90%
Skopje Rep. of Macedonia
90%
Chisinau Moldova
83%
Tashkent Uzbekistan
83%
No matching quizzes found
Score Distribution
Percent of People with Each Score
Percentile by Number Answered
Your Score History
You have not taken this quiz